France - Les blasons des régions de gendarmerie - Statistiques

Statistiques générales
  • Ce quiz a été pris 398 fois
  • Le résultat moyen est 10 sur 13
Statistiques - réponses
Par images Réponse % Correct
Corse
98%
Bretagne
97%
Ile-de-France
86%
Normandie
84%
Occitanie
80%
Provence-Alpes-Côte-d'azur
78%
Grand-est
73%
Auvergne-Rhône-Alpes
72%
Nouvelle-Aquitaine
71%
Pays-de-la-Loire
71%
Hauts-de-France
69%
Bourgogne-Franche-Comté
66%
Centre-Val-de-Loire
66%
Aucun quiz correspondant
Distribution des résultats
% des personnes avec chaque résultat
Percentile par nombre de réponses
Votre historique - résultats
Vous n’avez pas pris ce quiz